000 00493nam a2200181Ia 4500
005 20250508161741.0
008 008 250505s9999 xx 000 0 eng d
037 _aTextual
040 _aFEDL
_beng
_cFEDL
041 _aeng
_2eng
084 _a398.2, AIN
_qFEDL
100 _aAinsworth Ruth
_9771498
245 0 _aPirate ship
260 _aMelbourne, Austraila
_bWilliam Heinemann Limited
_c1955
300 _a30p.
942 _cTEXL
_h398.2, AIN
999 _c1371883
_d1371883